| 000 | 00506nam a2200217Ia 4500 | ||
|---|---|---|---|
| 003 | IT-RoPAU | ||
| 008 | 120407s9999 xx 000 0 und d | ||
| 040 | _aIT-RoPAU | ||
| 040 | _cIT-RoPAU | ||
| 041 | _aita | ||
| 245 | _aAIDS. Etica, giustizia e politica sanitaria | ||
| 250 | _aCinisello Balsamo | ||
| 260 | _aEdizioni Paoline | ||
| 260 | _c1993 | ||
| 300 | _a399 p. | ||
| 300 | _c21 cm | ||
| 490 | _v1 | ||
| 710 | _aIstituto Scientifico Ospedale San Raffaele | ||
| 942 | _cBK | ||
| 999 |
_c34059 _d34059 |
||